Sports Quiz

Random Sports or MLB Quiz

MLB World Series Rotations Since 1990 Quiz Stats

 Plays Quiz Updated Oct 28, 2018

Score 0/217 Timer 16:00
0 Plays Today
Year Player % Correct
2001/ARIRandy Johnson
87%
1995/ATLGreg Maddux
86.1%
1996/ATLGreg Maddux
86.1%
1999/ATLGreg Maddux
86.1%
1993/PHICurt Schilling
85.7%
2001/ARICurt Schilling
85.7%
2004/BOSCurt Schilling
85.7%
2007/BOSCurt Schilling
85.7%
1991/ATLTom Glavine
85.3%
1992/ATLTom Glavine
85.3%
1995/ATLTom Glavine
85.3%
1996/ATLTom Glavine
85.3%
1999/ATLTom Glavine
85.3%
1999/NYYRoger Clemens
85.3%
2000/NYYRoger Clemens
85.3%
2001/NYYRoger Clemens
85.3%
2003/NYYRoger Clemens
85.3%
2005/HOURoger Clemens
85.3%
2018/LADClayton Kershaw
85.2%
1991/ATLJohn Smoltz
85.1%
1992/ATLJohn Smoltz
85.1%
1995/ATLJohn Smoltz
85.1%
1996/ATLJohn Smoltz
85.1%
1999/ATLJohn Smoltz
85.1%
2006/DETJustin Verlander
82.7%
2012/DETJustin Verlander
82.7%
2004/BOSPedro Martinez
81.3%
2009/PHIPedro Martinez
81.3%
1995/CLEDennis Martinez
80.9%
2006/STLChris Carpenter
79.2%
2011/STLChris Carpenter
79.2%
2010/SFGTim Lincecum
78.6%
1996/NYYAndy Pettitte
78.3%
1998/NYYAndy Pettitte
78.3%
1999/NYYAndy Pettitte
78.3%
2000/NYYAndy Pettitte
78.3%
2001/NYYAndy Pettitte
78.3%
2003/NYYAndy Pettitte
78.3%
2005/HOUAndy Pettitte
78.3%
2009/NYYAndy Pettitte
78.3%
2018/BOSDavid Price
77.9%
2010/SFGMadison Bumgarner
76.6%
2012/SFGMadison Bumgarner
76.6%
2014/SFGMadison Bumgarner
76.6%
2017/LADClayton Kershaw
76.4%
2017/HOUJustin Verlander
75.5%
2009/PHICliff Lee
75.3%
2010/TEXCliff Lee
75.3%
2013/STLAdam Wainwright
73.2%
2009/NYYCC Sabathia
72.4%
2018/BOSChris Sale
72.4%
2015/NYMMatt Harvey
71.8%
2008/PHICole Hamels
71.2%
2009/PHICole Hamels
71.2%
2016/CHCJon Lester
70.7%
2003/FLAJosh Beckett
70.3%
2007/BOSJosh Beckett
70.3%
2007/BOSJon Lester
69%
2013/BOSJon Lester
69%
2010/SFGMatt Cain
68.4%
2012/SFGMatt Cain
68.4%
1998/NYYOrlando Hernandez
67.5%
1999/NYYOrlando Hernandez
67.5%
2000/NYYOrlando Hernandez
67.5%
2001/NYYOrlando Hernandez
67.5%
1997/FLALivan Hernandez
67.4%
2002/SFGLivan Hernandez
67.4%
1991/MINJack Morris
66.6%
1992/TORJack Morris
66.6%
2004/STLMatt Morris
66.4%
2008/TBRJames Shields
65.9%
2014/KCRJames Shields
65.9%
1992/TORDavid Cone
65.7%
Year Player % Correct
1996/NYYDavid Cone
65.7%
1998/NYYDavid Cone
65.7%
1999/NYYDavid Cone
65.7%
2016/CLECorey Kluber
64.3%
2015/NYMJacob deGrom
63.8%
1998/NYYDavid Wells
62.6%
2003/NYYDavid Wells
62.6%
2002/ANAJohn Lackey
61.6%
2013/BOSJohn Lackey
61.6%
2016/CHCJake Arrieta
61.2%
2015/KCRJohnny Cueto
61%
2001/NYYMike Mussina
60.9%
2003/NYYMike Mussina
60.9%
1997/FLAKevin Brown
60%
1998/SDPKevin Brown
60%
2016/CHCJohn Lackey
59%
2017/HOUDallas Keuchel
57.1%
1990/OAKDave Stewart
56.3%
1993/TORDave Stewart
56.3%
2012/DETMax Scherzer
56%
2015/NYMNoah Syndergaard
55.1%
2015/KCREdinson Volquez
54.9%
1991/ATLSteve Avery
52.1%
1992/ATLSteve Avery
52.1%
1995/ATLSteve Avery
52.1%
2012/SFGBarry Zito
51.7%
2018/LADRich Hill
51.6%
2005/CHWMark Buehrle
51.1%
2018/BOSRick Porcello
50.9%
2005/HOURoy Oswalt
50%
2015/KCRYordano Ventura
49.1%
2017/LADYu Darvish
49%
2014/SFGTim Hudson
48.8%
2015/NYMSteven Matz
48.2%
2004/BOSTim Wakefield
47.2%
2017/LADRich Hill
47%
2009/NYYAJ Burnett
47%
2013/BOSJake Peavy
46.7%
2014/SFGJake Peavy
46.7%
1997/FLAAl Leiter
45.4%
2000/NYMAl Leiter
45.4%
2018/BOSEduardo Rodriguez
44.9%
2014/KCRYordano Ventura
44.9%
2015/KCRChris Young
44.5%
1990/CINJose Rijo
44.1%
2016/CHCKyle Hendricks
44.1%
2010/TEXCJ Wilson
43.6%
2011/TEXCJ Wilson
43.6%
1996/NYYKenny Rogers
43.3%
2006/DETKenny Rogers
43.3%
2000/NYMBobby Jones
42.9%
2018/LADHyun-jin Ryu
42.3%
1990/CINDanny Jackson
42.1%
1993/PHIDanny Jackson
42.1%
2011/STLEdwin Jackson
42%
2012/DETAnibal Sanchez
41.5%
2011/STLJaime Garcia
41.5%
2005/CHWFreddy Garcia
41.4%
2010/SFGJonathan Sanchez
41.4%
2004/STLWoody Williams
40.3%
2004/BOSDerek Lowe
40%
1990/OAKBob Welch
39%
1992/TORJimmy Key
38.6%
1996/NYYJimmy Key
38.6%
2016/CLETrevor Bauer
38.4%
2007/COLUbaldo Jimenez
38%
2006/STLJeff Weaver
37.7%
1995/CLECharles Nagy
36.4%
1997/CLECharles Nagy
36.4%
2017/LADAlex Wood
36.4%
2002/SFGJason Schmidt
36%
2018/LADWalker Buehler
35.9%
2017/HOULance McCullers Jr.
34.7%
Year Player % Correct
2017/HOUCharlie Morton
34.3%
2000/NYMMike Hampton
34.1%
2008/TBRScott Kazmir
33.7%
1995/CLEOrel Hershiser
32.7%
1997/CLEOrel Hershiser
32.7%
2013/BOSClay Buchholz
31.9%
2011/TEXDerek Holland
30.7%
2013/STLMichael Wacha
30.7%
2010/TEXColby Lewis
29.3%
2011/TEXColby Lewis
29.3%
1999/ATLKevin Millwood
28.9%
2012/SFGRyan Vogelsong
28.7%
2014/SFGRyan Vogelsong
28.7%
2007/COLJeff Francis
28.3%
2005/CHWJose Contreras
28%
2008/PHIJamie Moyer
25.5%
1997/CLEJaret Wright
25.4%
1996/ATLDenny Neagle
25%
2000/NYYDenny Neagle
25%
1990/CINTom Browning
25%
1993/TORPat Hentgen
24.9%
2002/SFGRuss Ortiz
24.8%
2002/ANARamon Ortiz
24.7%
2016/CLEJosh Tomlin
24.7%
2013/STLLance Lynn
24.3%
2008/TBRMatt Garza
23.9%
2003/FLABrad Penny
23.7%
2001/ARIBrian Anderson
23.5%
2005/CHWJon Garland
22.7%
2008/PHIJoe Blanton
22.7%
2009/PHIJoe Blanton
22.7%
2012/DETDoug Fister
22.6%
2007/BOSDaisuke Matsuzaka
22.4%
1992/TORJuan Guzman
22.3%
1993/TORJuan Guzman
22.3%
2011/TEXMatt Harrison
22.1%
2006/DETJeremy Bonderman
22%
2007/COLAaron Cook
22%
1990/OAKMike Moore
21.2%
2014/KCRJeremy Guthrie
21%
2003/FLACarl Pavano
20.7%
2008/PHIBrett Myers
20.7%
2004/STLJeff Suppan
19.7%
2006/STLJeff Suppan
19.7%
2002/ANAJarrod Washburn
19.3%
1991/ATLCharlie Leibrandt
19.1%
1991/MINScott Erickson
18.7%
1993/PHITerry Mulholland
18.1%
1995/CLEKen Hill
16.7%
1993/PHITommy Greene
16.6%
2011/STLKyle Lohse
15.8%
2006/DETNate Robertson
15.7%
2001/ARIMiguel Batista
15.4%
2014/KCRJason Vargas
14.5%
1991/MINKevin Tapani
14%
1998/SDPSterling Hitchcock
13.3%
2002/ANAKevin Appier
13.1%
2013/STLJoe Kelly
13.1%
1993/TORTodd Stottlemyre
13%
2000/NYMRick Reed
12.9%
1998/SDPAndy Ashby
11.8%
2004/STLJason Marquis
11.6%
2002/SFGKirk Rueter
11.4%
2006/STLAnthony Reyes
10.8%
2010/TEXTommy Hunter
9.6%
1997/CLEChad Ogea
9%
2005/HOUBrandon Backe
8.6%
2008/TBRAndy Sonnanstine
8.3%
2007/COLJosh Fogg
7.4%
2003/FLAMark Redman
6.9%
1997/FLATony Saunders
6.5%

You're not logged in!

Compare scores with friends on all Sporcle quizzes.
OR
Log In

You Might Also Like...

Show Comments

Extras

Top Quizzes Today


Score Distribution

Your Account Isn't Verified!

In order to create a playlist on Sporcle, you need to verify the email address you used during registration. Go to your Sporcle Settings to finish the process.

Report this User

Report this user for behavior that violates our Community Guidelines.

Details: